Environmental ethics: from theory to pratice (Record no. 1227903)

MARC details
000 -LEADER
fixed length control field 00668nam a2200229Ia 4500
005 - DATE AND TIME OF LATEST TRANSACTION
control field 20241129110243.0
008 - FIXED-LENGTH DATA ELEMENTS--GENERAL INFORMATION
fixed length control field 241129s9999||||xx |||||||||||||| ||und||
020 ## - INTERNATIONAL STANDARD BOOK NUMBER
International Standard Book Number 978-1-3501-8592-0
037 ## - SOURCE OF ACQUISITION
Stock number TB
040 ## - CATALOGING SOURCE
Original cataloging agency ARTS
Language of cataloging eng
Transcribing agency ARTS
041 ## - LANGUAGE CODE
Language code of text/sound track or separate title eng
Source of code eng
084 ## - COLON CLASSIFICATION NUMBER
Classification number R4,(G:55) Q5;R4
Assigning agency ARTS
100 ## - MAIN ENTRY--PERSONAL NAME
Personal name Hourdequin Marion Au.
9 (RLIN) 722890
245 #0 - TITLE STATEMENT
Title Environmental ethics: from theory to pratice
Statement of responsibility, etc. Hourdequin Marion Au.
250 ## - EDITION STATEMENT
Edition statement 2nd
260 ## - PUBLICATION, DISTRIBUTION, ETC.
Place of publication, distribution, etc. New Delhi, India
Name of publisher, distributor, etc. New Bloomsbury Academic
Date of publication, distribution, etc. 2023
300 ## - PHYSICAL DESCRIPTION
Extent xii,299p.
365 ## - TRADE PRICE
Price type code UKP
Price amount 21.99
650 ## - SUBJECT ADDED ENTRY--TOPICAL TERM
Topical term or geographic name entry element PhilosophyEthics
942 ## - ADDED ENTRY ELEMENTS (KOHA)
Koha item type Textbook
Classification part R4,(G:55) Q5;R4
Holdings
Withdrawn status Lost status Damaged status Not for loan Home library Current library Date acquired Source of acquisition Cost, normal purchase price Inventory number Total Checkouts Full call number Barcode Date last seen Price effective from Koha item type
        Arts Library Arts Library 2024-11-29 Bright Book Service 21.99 2300 & 08/02/2024   R4,(G:55) Q5;R4 AL1803938 2024-11-29 2024-11-29 Textbook
Copyright @ Delhi University Library System